[Event "SRB-ch sf (Women)"]
[Site "Paracin"]
[Date "2024.02.09"]
[Round "6"]
[White "Grozdanovic, Anastasia"]
[Black "Tadic, Ana"]
[Result "1-0"]
[WhiteElo "2051"]
[BlackElo "1746"]
[PlyCount "67"]
[EventDate "2024.02.05"]
[EventType "tourn"]
[EventRounds "9"]
[EventCountry "SRB"]
[SourceTitle "CB08_2024"]
[SourceDate "2024.02.21"]
[SourceVersion "1"]
[SourceVersionDate "2024.02.21"]
[SourceQuality "1"]

1. d4 d5 2. c4 dxc4 3. Nf3 Nf6 4. Qa4+ c6 5. Qxc4 Bf5 6. g3 e6 7. Bg2 Nbd7 8. 0-0 Be7 9. e3 0-0 10. Nc3 Nb6 11. Qe2 Ne4 12. Ne5 Nxc3 13. bxc3 f6 14. e4 fxe5 15. exf5 exf5 16. Qxe5 Qd7 17. Qe2 Rae8 18. a4 Bf6 19. Qa2+ Qf7 20. a5 Qxa2 21. Rxa2 Nd5 22. Bd2 a6 23. Rb1 Rf7 24. c4 Ne7 25. Rxb7 Bxd4 26. Bg5 Bf6 27. Bxf6 Rxf6 28. Re2 Kf8 29. f4 Rd6 30. Ra7 Rd4 31. Bf1 Nc8 32. Rxe8+ Kxe8 33. Rxg7 Rd7 34. Rg8+ 1-0

[Event "SRB-ch sf (Women)"]
[Site "Paracin"]
[Date "2024.02.06"]
[Round "3"]
[White "Stankovic, Andrea"]
[Black "Tadic, Ana"]
[Result "0-1"]
[WhiteElo "1763"]
[BlackElo "1746"]
[PlyCount "92"]
[EventDate "2024.02.05"]
[EventType "tourn"]
[EventRounds "9"]
[EventCountry "SRB"]
[SourceTitle "CB08_2024"]
[SourceDate "2024.02.21"]
[SourceVersion "1"]
[SourceVersionDate "2024.02.21"]
[SourceQuality "1"]

1. d4 Nf6 2. Nf3 g6 3. g3 Bg7 4. c4 c5 5. d5 e6 6. Nc3 exd5 7. cxd5 d6 8. Bg2 0-0 9. 0-0 Re8 10. Nd2 a6 11. a4 Nbd7 12. Nc4 Ne5 13. Nxe5 Rxe5 14. Bf4 Re8 15. Qd2 Ng4 16. Rab1 Ne5 17. b4 c4 18. b5 Bf5 19. Rb2 Qa5 20. Rc1 Rac8 21. Bxe5 Bxe5 22. e4 Bd7 23. f4 Bg7 24. Kh1 axb5 25. axb5 Bxb5 26. e5 Ba6 27. exd6 Red8 28. Ra2 Bxc3 29. Rxc3 Qb6 30. Bh3 f5 31. g4 Rxd6 32. gxf5 Qb1+ 33. Rc1 Qe4+ 34. Bg2 Qxf5 35. Qe3 Rf8 36. Rf2 b5 37. Qc5 Rdf6 38. Re1 Qc8 39. Qd4 Qc7 40. d6 Qxd6 41. Bd5+ Kg7 42. Re6 Qa3 43. Qa7+ R8f7 44. Qxa6 Qxa6 45. Rxa6 Rxa6 46. Rb2 c3 0-1

[Event "SRB-ch sf (Women)"]
[Site "Paracin"]
[Date "2024.02.05"]
[Round "1"]
[White "Bukhteeva, Viktoria"]
[Black "Tadic, Ana"]
[Result "1-0"]
[WhiteElo "2070"]
[BlackElo "1746"]
[PlyCount "89"]
[EventDate "2024.02.05"]
[EventType "tourn"]
[EventRounds "9"]
[EventCountry "SRB"]
[SourceTitle "CB08_2024"]
[SourceDate "2024.02.21"]
[SourceVersion "1"]
[SourceVersionDate "2024.02.21"]
[SourceQuality "1"]

1. d4 d5 2. Bf4 c5 3. e3 Nc6 4. Nf3 Nf6 5. Nbd2 cxd4 6. exd4 Nh5 7. Be3 e6 8. c3 Bd6 9. Bd3 Nf4 10. Bxf4 Bxf4 11. 0-0 0-0 12. Re1 Bd7 13. g3 Bh6 14. Qc2 g6 15. h4 Rc8 16. a3 f5 17. b4 Qc7 18. Nb3 b6 19. Qe2 Bg7 20. Rac1 f4 21. Ne5 Nxe5 22. dxe5 fxg3 23. fxg3 Bh6 24. Nd2 b5 25. Rc2 Qb6+ 26. Kg2 d4 27. Ne4 Bc6 28. Kh3 Bxe4 29. Qxe4 dxc3 30. h5 Qc6 31. Qxc6 Rxc6 32. hxg6 hxg6 33. Bxb5 Rc7 34. Re4 Rf3 35. Bc4 Kf7 36. Kg2 Re3 37. Rxe3 Bxe3 38. Rxc3 Bd4 39. Bxe6+ Kxe6 40. Rxc7 Kxe5 41. Kf3 Kd6 42. Rc2 Ke5 43. Kg4 Kf6 44. Rc6+ Kf7 45. a4 1-0

[Event "Wch U16 Girls"]
[Site "Montesilvano"]
[Date "2023.11.16"]
[Round "4"]
[White "Nurmanova, Alua"]
[Black "Tadic, Ana"]
[Result "1-0"]
[WhiteElo "2367"]
[BlackElo "1791"]
[PlyCount "37"]
[EventDate "2023.11.13"]
[EventType "swiss"]
[EventRounds "11"]
[EventCountry "ITA"]
[SourceTitle "CB48_2023"]
[SourceDate "2023.11.29"]
[SourceVersion "1"]
[SourceVersionDate "2023.11.29"]
[SourceQuality "1"]

1. e4 c5 2. Nf3 e6 3. Nc3 Nc6 4. Be2 d5 5. exd5 exd5 6. d4 Be6 7. 0-0 Nf6 8. Bg5 c4 9. Bxc4 dxc4 10. d5 Bxd5 11. Bxf6 Bxf3 12. Re1+ Be7 13. Qxf3 gxf6 14. Rad1 Qa5 15. Rd5 Qb4 16. Qxf6 Rg8 17. Rb5 Kd8 18. Qf4 Bg5 19. Qxf7 1-0

[Event "Veliko Gradiste Silver Lake op-A"]
[Site "Veliko Gradiste"]
[Date "2023.06.18"]
[Round "1"]
[White "Tadic, Ana"]
[Black "Zherebtsova, Alexandra"]
[Result "0-1"]
[WhiteElo "1853"]
[BlackElo "2197"]
[PlyCount "92"]
[EventDate "2023.06.18"]
[EventType "swiss"]
[EventRounds "9"]
[EventCountry "SRB"]
[SourceTitle "CBM 215 Extra"]
[Source "ChessBase"]
[SourceDate "2023.09.30"]
[SourceVersion "1"]
[SourceVersionDate "2023.09.30"]
[SourceQuality "1"]

1. e4 c5 2. Nf3 Nc6 3. Nc3 Nf6 4. Bb5 Qc7 5. 0-0 Nd4 6. a4 a6 7. Bc4 e6 8. Re1 Ng4 9. g3 Nxf3+ 10. Qxf3 Ne5 11. Qe2 Be7 12. Ba2 b6 13. f4 Nc6 14. Nd5 exd5 15. exd5 0-0 16. dxc6 Bf6 17. Bd5 dxc6 18. Be4 Be6 19. c3 Bd5 20. d3 Rfe8 21. Bd2 c4 22. Qf3 Qd7 23. d4 Re7 24. Bxd5 Rxe1+ 25. Rxe1 cxd5 26. Qd1 g6 27. b3 Rc8 28. b4 h5 29. Qf3 Qf5 30. h3 Qxh3 31. Qxd5 Qxg3+ 32. Qg2 Qxg2+ 33. Kxg2 Kf8 34. Kf3 Rd8 35. Rh1 Ke7 36. Ke4 Kd6 37. f5 Re8+ 38. Kf3 Kd5 39. Bf4 Rg8 40. Bc7 Kc6 41. Bg3 h4 42. Bxh4 Rh8 43. fxg6 fxg6 44. Kg4 g5 45. Kf5 Rxh4 46. d5+ Kd6 0-1

[Event "EU-ch 23rd"]
[Site "Vrnjacka Banja"]
[Date "2023.03.03"]
[Round "1"]
[White "Stremavicius, Pijus"]
[Black "Tadic, Ana"]
[Result "1-0"]
[WhiteElo "2383"]
[BlackElo "1817"]
[PlyCount "43"]
[EventDate "2023.03.03"]
[EventType "swiss"]
[EventRounds "11"]
[EventCountry "SRB"]
[SourceTitle "CBM 213"]
[Source "ChessBase"]
[SourceDate "2023.04.30"]
[SourceVersion "1"]
[SourceVersionDate "2023.04.30"]
[SourceQuality "1"]

1. b3 d5 2. Bb2 Nf6 3. Nf3 e6 4. c4 Nbd7 5. g3 Be7 6. Bg2 0-0 7. Nc3 c5 8. cxd5 exd5 9. d4 Nb6 10. dxc5 Bxc5 11. 0-0 Bf5 12. Rc1 Rc8 13. Nb5 Nbd7 14. Qd2 a6 15. Qf4 Bd3 16. Nbd4 Bxd4 17. Nxd4 Be4 18. Rxc8 Qxc8 19. Bxe4 dxe4 20. Nf5 Qd8 21. Qg5 g6 22. Rd1 1-0

[Event "SRB-ch sf (Women)"]
[Site "Novi Banovci"]
[Date "2023.02.12"]
[Round "7"]
[White "Tadic, Ana"]
[Black "Srdanovic, Jovana"]
[Result "0-1"]
[WhiteElo "1801"]
[BlackElo "2166"]
[PlyCount "102"]
[EventDate "2023.02.06"]
[EventType "swiss"]
[EventRounds "7"]
[EventCountry "SRB"]
[SourceTitle "CBM 212 Extra"]
[Source "ChessBase"]
[SourceDate "2023.03.31"]
[SourceVersion "1"]
[SourceVersionDate "2023.03.31"]
[SourceQuality "1"]

1. e4 c5 2. Nc3 Nc6 3. Nge2 g6 4. g3 Bg7 5. Bg2 e6 6. d3 Nge7 7. Be3 Nd4 8. f4 d6 9. 0-0 0-0 10. Qd2 Rb8 11. Nd1 b5 12. c3 Nxe2+ 13. Qxe2 b4 14. Qc2 bxc3 15. bxc3 Qa5 16. Bd2 Bd7 17. a4 Qc7 18. Ne3 f5 19. Rfe1 Kh8 20. Nc4 Nc6 21. Be3 Na5 22. Nxa5 Qxa5 23. Bd2 Qb6 24. Reb1 Qc7 25. Re1 Rb6 26. a5 Rb5 27. Qa2 Rfb8 28. Reb1 Qb7 29. Rxb5 Qxb5 30. exf5 gxf5 31. Bf1 Qb2 32. Qxb2 Rxb2 33. Be1 Bc6 34. Rd1 Bf3 35. Rc1 e5 36. Bf2 e4 37. dxe4 fxe4 38. Be3 Kg8 39. h3 Kf7 40. g4 Ke6 41. Bf2 Bf6 42. Ba6 Kd7 43. g5 Bd8 44. Ra1 Rb3 45. Rc1 Bxa5 46. Bc4 Rxc3 47. Rxc3 Bxc3 48. Bg8 Bd2 49. Bxh7 e3 50. Bh4 e2 51. g6 Be4 0-1

[Event "EU-ch U16 Girls 30th"]
[Site "Antalya"]
[Date "2022.11.11"]
[Round "6"]
[White "Radenkovic, Mila"]
[Black "Tadic, Ana"]
[Result "1/2-1/2"]
[WhiteElo "1783"]
[BlackElo "1677"]
[PlyCount "34"]
[EventDate "2022.11.06"]
[EventType "swiss"]
[EventRounds "9"]
[EventCountry "TUR"]
[SourceTitle "EXT 2024"]
[Source "ChessBase"]
[SourceDate "2023.10.10"]
[SourceVersion "1"]
[SourceVersionDate "2023.10.10"]
[SourceQuality "1"]

1. d4 d5 2. Nf3 c6 3. Bf4 Bf5 4. e3 Nf6 5. Bd3 Bxd3 6. Qxd3 e6 7. c4 Bd6 8. Bxd6 Qxd6 9. cxd5 cxd5 10. Nc3 Nc6 11. 0-0 0-0 12. a3 a6 13. Rac1 Rfc8 14. Ne2 Ne7 15. Rxc8+ Rxc8 16. Rc1 Rxc1+ 17. Nxc1 Qc6 1/2-1/2

[Event "Belgrade-chT2 Quality"]
[Site "Belgrade"]
[Date "2022.10.23"]
[Round "4.6"]
[White "Popovic, Andrija"]
[Black "Tadic, Ana"]
[Result "1-0"]
[WhiteElo "2121"]
[BlackElo "1677"]
[PlyCount "49"]
[EventDate "2022.10.15"]
[EventType "team-tourn"]
[EventRounds "13"]
[EventCountry "SRB"]
[SourceTitle "EXT 2024"]
[Source "ChessBase"]
[SourceDate "2023.10.10"]
[SourceVersion "1"]
[SourceVersionDate "2023.10.10"]
[SourceQuality "1"]
[WhiteTeam "Belgrade Polet"]
[BlackTeam "Belgrade Tadic"]
[WhiteTeamCountry "SRB"]
[BlackTeamCountry "SRB"]

1. e4 e5 2. Nf3 Nc6 3. Bc4 Nf6 4. d3 Be7 5. Nc3 d6 6. h3 0-0 7. a3 Kh8 8. Ng5 Qe8 9. f4 h6 10. Nf3 exf4 11. Bxf4 Nh5 12. Be3 f5 13. Qd2 f4 14. Bf2 Ne5 15. Ba2 Qg6 16. Rg1 c6 17. a4 Nxf3+ 18. gxf3 Ng3 19. Ne2 Bg5 20. h4 Nxe2 21. Qxe2 d5 22. hxg5 h5 23. e5 Bf5 24. 0-0-0 b5 25. Qe1 1-0

[Event "EU-ch Hybrid U14 Girls"]
[Site "Tornelo INT"]
[Date "2021.10.15"]
[Round "8"]
[White "Arshinkova, Boryana"]
[Black "Tadic, Ana"]
[Result "0-1"]
[WhiteElo "1433"]
[BlackElo "1660"]
[PlyCount "90"]
[EventDate "2021.10.15"]
[EventType "swiss"]
[EventRounds "9"]
[EventCountry "NET"]
[SourceTitle "EXT 2023"]
[Source "ChessBase"]
[SourceDate "2022.10.05"]
[SourceVersion "1"]
[SourceVersionDate "2022.10.05"]
[SourceQuality "1"]
[WhiteTeam "Bulgaria"]
[BlackTeam "Serbia"]
[WhiteTeamCountry "BUL"]
[BlackTeamCountry "SRB"]

1. e4 c5 2. Nf3 a6 3. d4 cxd4 4. Nxd4 Nf6 5. Nc3 e5 6. Nb3 Bb4 7. Qd3 d5 8. exd5 Nxd5 9. Qg3 Bxc3+ 10. bxc3 0-0 11. c4 Nb4 12. Qc3 N4c6 13. Be2 Be6 14. 0-0 Nd7 15. f4 f5 16. fxe5 Ndxe5 17. Bb2 Qb6+ 18. c5 Qc7 19. Qg3 Rac8 20. Rae1 Ng6 21. Qg5 Qe7 22. Qg3 Qc7 23. Qc3 Nce5 24. Bd3 Nxd3 25. cxd3 Bd5 26. Rf2 Rf7 27. d4 Rf6 28. Qd3 f4 29. Ref1 Qf7 30. Bc1 Rf8 31. Qc2 Bc4 32. Rd1 f3 33. g3 Be2 34. Rd2 Ne7 35. Bb2 Nd5 36. Nc1 Ne3 37. Qc3 Nd1 38. Rxd1 Bxd1 39. Qd2 Ba4 40. d5 Rf5 41. d6 Rxc5 42. Qe3 Rd5 43. Nd3 Bb5 44. Ne1 Re8 45. Qc3 Rd1 0-1

[Event "EU-ch Hybrid U14 Girls"]
[Site "Tornelo INT"]
[Date "2021.10.15"]
[Round "7"]
[White "Zhou, Lepu Coco"]
[Black "Tadic, Ana"]
[Result "1-0"]
[WhiteElo "1921"]
[BlackElo "1660"]
[PlyCount "65"]
[EventDate "2021.10.15"]
[EventType "swiss"]
[EventRounds "9"]
[EventCountry "NET"]
[SourceTitle "EXT 2023"]
[Source "ChessBase"]
[SourceDate "2022.10.05"]
[SourceVersion "1"]
[SourceVersionDate "2022.10.05"]
[SourceQuality "1"]
[WhiteTeam "Germany"]
[BlackTeam "Serbia"]
[WhiteTeamCountry "GER"]
[BlackTeamCountry "SRB"]

1. e4 c5 2. Nf3 Nc6 3. d4 cxd4 4. Nxd4 e5 5. Nb5 d6 6. c4 Be7 7. N1c3 a6 8. Na3 f5 9. Bd3 f4 10. Nd5 Nd4 11. c5 Nf6 12. Nc4 Nxd5 13. exd5 0-0 14. cxd6 Bxd6 15. Be4 Bf5 16. Qd3 Rc8 17. Bxf5 Rxf5 18. Bd2 b5 19. Nxd6 Qxd6 20. Bc3 Qxd5 21. f3 Rg5 22. 0-0 Qc4 23. Qxc4+ Rxc4 24. Bxd4 exd4 25. Rf2 Rgc5 26. Rd2 Rc2 27. Rad1 Rxd2 28. Rxd2 Rc4 29. b3 Rb4 30. Rd3 a5 31. a3 a4 32. axb4 a3 33. Rxd4 1-0